000 004610000a22001690004500
041 0 _aENG
082 0 4 _aG 253 E349b
100 1 _aEims, LeRoy
245 1 0 _aBe the leader you were meant to be : What the bible says about leadership / LeRoy Eims
260 _aWheaton, ILL., USA : Victor
300 _a132 Pag
001 6282
942 _cBK
999 _c36555
_d36555
336 _atexto
_btxt
_2rdacontent
337 _2rdamedia
_asin mediación
_bn
338 _2rdacarrier
_avolumen
_bnc